[Event "A00"]
[Site "Cleanchess.com   INT"]
[Date "2018.02.14"]
[Round "6"]
[White "Vachier Lagrave,M"]
[Black "Jobava,Ba"]
[Result "1-0"]
[WhiteElo "2793"]
[BlackElo "2690"]

1.g3 d5 2.b3 e5 3.Bb2 f6 4.Bg2 c6 5.e3 Be6 6.Ne2 Bd6 7.d4 Ne7 8.dxe5 fxe5
9.Nd2 O-O 10.O-O Bg4 11.h3 Bh5 12.c4 Na6 13.g4 Bf7 14.Nf3 Ng6 15.cxd5 cxd5
16.Ng3 Re8 17.Nf5 Bf8 18.h4 Nc5 19.h5 e4 20.hxg6 hxg6 21.Nh6+ gxh6 22.Qd4 Re5
23.Qxe5 Be8 24.Qh8+ Kf7 25.Qh7+ Ke6 26.Nd4+ Kd6 27.Rac1 {#r} 1-0

[Event "A00"]
[Site "Cleanchess.com   INT"]
[Date "2018.02.14"]
[Round "6"]
[White "Lagarde,Max"]
[Black "Stefansson,H"]
[Result "1-0"]
[WhiteElo "2586"]
[BlackElo "2523"]

1.g4 d5 2.Bg2 c6 3.g5 e5 4.d4 e4 5.c4 Bb4+ 6.Nc3 Ne7 7.h4 Nf5 8.e3 h6 9.g6
fxg6 10.Qg4 Qd6 11.Ne2 O-O 12.c5 Qf6 13.Qf4 b6 14.Bd2 bxc5 15.a3 Bxc3 16.Bxc3
cxd4 17.Nxd4 Nxd4 18.Bxd4 Qxf4 19.exf4 Rxf4 20.Rc1 Ba6 21.Bh3 Kh7 22.Rg1 Rxh4
23.Bf5 Rf4 24.Rxg6 Rxf5 25.Rxg7+ Kh8 26.Rxa7+ Kg8 27.Rxa8 Rf8 28.Kd2 Kf7
29.Rg1 c5 30.Rg7+ Ke6 31.Bxc5 Rc8 32.Bd4 Bd3 33.Ke3 Rf8 34.Rg6+ Kd7 35.Ra7+
Kc8 36.Bb6 Rf3+ 37.Kd4 Na6 38.Rg8+ {#r} 1-0

[Event "A00"]
[Site "Cleanchess.com   INT"]
[Date "2018.02.14"]
[Round "6"]
[White "Gonzalez,Ren"]
[Black "Della Morte,G"]
[Result "0-1"]
[WhiteElo "2451"]
[BlackElo "2353"]

1.Na3 g6 2.e4 Bg7 3.d4 d6 4.c3 Nf6 5.Bd3 O-O 6.Ne2 e5 7.O-O Re8 8.d5 c6 9.c4
cxd5 10.cxd5 Nbd7 11.Nc3 a6 12.Nc4 Nc5 13.b4 Nxd3 14.Qxd3 Nh5 15.Be3 f5 16.f3
Nf6 17.Kh1 f4 18.Bg1 g5 19.Nb6 Rb8 20.Nca4 g4 21.Nxc8 Rxc8 22.Nb6 Rc7 23.Rac1
h5 24.Qe2 Bh6 25.Bf2 g3 26.Bg1 gxh2 27.Bf2 Bg5 28.Rxc7 Qxc7 29.Qc4 Qg7 30.Rc1
Qg6 31.Qc7 Nxe4 32.fxe4 f3 33.gxf3 Bxc1 34.Qxc1 Rf8 35.Qe3 Kh7 36.Qe2 h4
37.Kxh2 Qh5 38.Kg2 h3+ 39.Kh2 Rxf3 40.Bg3 Qg4 41.Qe1 Ra3 42.Qf2 Rf3 43.Qe1 Rf4
44.Qc1 Rf2+ {#R} 0-1

[Event "A01"]
[Site "Cleanchess.com   INT"]
[Date "2018.02.14"]
[Round "6"]
[White "Pruijssers,R"]
[Black "Ladva,O"]
[Result "1-0"]
[WhiteElo "2536"]
[BlackElo "2522"]

1.b3 d5 2.Bb2 Bg4 3.g3 c6 4.Bg2 Nd7 5.Nf3 Ngf6 6.O-O e6 7.c4 Bd6 8.d3 h5
9.Nbd2 h4 10.e4 hxg3 11.hxg3 dxe4 12.Nxe4 Nxe4 13.dxe4 Qc7 14.Bxg7 Rh7 15.Bc3
O-O-O 16.Qe1 f6 17.b4 Rdh8 18.c5 Be5 19.Nxe5 Nxe5 20.f4 Nd7 21.e5 f5 22.b5
Nxc5 23.bxc6 Ne4 24.cxb7+ Kb8 25.Bd4 Qc4 26.Qe3 Qc2 27.Bxa7+ Kxb7 28.Rf2 Qc6
29.Rb2+ Ka8 30.Bd4 Rh1+ 31.Bxh1 Rxh1+ 32.Kxh1 Nf2+ 33.Kh2 {#r} 1-0

[Event "A01"]
[Site "Cleanchess.com   INT"]
[Date "2018.02.14"]
[Round "6"]
[White "Jobava,Ba"]
[Black "Gozzoli,Y"]
[Result "1-0"]
[WhiteElo "2690"]
[BlackElo "2565"]

1.b3 e5 2.Bb2 Nc6 3.e3 d5 4.Bb5 Bd6 5.Nf3 f6 6.d4 e4 7.Nfd2 f5 8.c4 a6 9.Bxc6+
bxc6 10.Ba3 Nf6 11.Bxd6 cxd6 12.Nc3 O-O 13.O-O a5 14.Rc1 Ba6 15.f4 c5 16.Ne2
Ng4 17.Rc3 Qf6 18.Nb1 dxc4 19.bxc4 Rab8 20.h3 Nh6 21.Nd2 Rb2 22.Rb3 Rb8 23.Qc1
R2xb3 24.axb3 Nf7 25.Qa3 cxd4 26.Nxd4 d5 27.Qxa5 dxc4 28.bxc4 g6 29.Ra1 Rb2
30.Qxa6 Qxa6 31.Rxa6 Rxd2 32.Ne6 Nd6 33.c5 Nb5 34.Rb6 Nc3 35.c6 Rd1+ 36.Kh2
Nd5 37.Rb7 Rc1 38.Rg7+ Kh8 39.Rd7 {#r} 1-0

[Event "A01"]
[Site "Cleanchess.com Lutsk UKR"]
[Date "2018.02.16"]
[Round "12.7"]
[White "Reshetkov,K"]
[Black "Matviishen,Viktor"]
[Result "0-1"]
[WhiteElo "2256"]
[BlackElo "2439"]

1.b3 e5 2.Bb2 Nc6 3.e3 Nf6 4.Bb5 Bd6 5.Na3 a6 6.Be2 b5 7.c4 b4 8.Nc2 Bb7 9.d4
exd4 10.exd4 Ne7 11.Nf3 Ne4 12.O-O O-O 13.c5 Bf4 14.Nxb4 d6 15.Qc2 Nf6 16.c6
Bc8 17.g3 Bh6 18.Bd3 a5 19.d5 axb4 20.Bxf6 gxf6 21.Bxh7+ Kg7 22.Be4 Ra5 23.Nd4
Nxd5 24.Qc4 Rc5 25.Qd3 Nc3 26.Bf5 Re8 27.Rfe1 Rce5 28.Rf1 Ne2+ 29.Kg2 Nxd4
30.Bxc8 Qxc8 31.Qxd4 Re4 32.Qd3 Qe6 33.Kg1 d5 34.Rad1 Qxc6 35.Qf3 Ra8 36.Rfe1
Qe6 37.Kf1 Rxa2 38.Qd3 Qf5 39.Rxe4 Qxf2# 0-1

[Event "A01"]
[Site "Cleanchess.com   INT"]
[Date "2018.02.14"]
[Round "6"]
[White "Haldorsen,Benjamin"]
[Black "Ladva,O"]
[Result "0-1"]
[WhiteElo "2405"]
[BlackElo "2522"]

1.b3 d5 2.Bb2 Bg4 3.Nf3 Bxf3 4.exf3 e6 5.g3 Nf6 6.Bg2 g6 7.O-O Bg7 8.f4 O-O
9.d3 c5 10.c4 Nc6 11.Nc3 Qd7 12.Rc1 Rfd8 13.Qe2 Nd4 14.Qe1 Rac8 15.Ne2 Nxe2+
16.Qxe2 Ne8 17.Bxg7 Nxg7 18.Rfe1 dxc4 19.dxc4 Nf5 20.Rcd1 Nd4 21.Qe4 b6 22.h4
h5 23.Qe5 Qe7 24.Kf1 Rd6 25.Re3 Rcd8 26.Red3 R8d7 27.Qe4 Nf5 28.Rxd6 Rxd6
29.Rxd6 Qxd6 30.Bf3 Qd2 31.Qa8+ Kg7 32.Qxa7 Nd4 33.Qa8 Qc3 34.Kg2 Nc2 35.Qe4
Ne1+ 36.Kf1 Nxf3 37.Kg2 Ne1+ 38.Kf1 Nd3 39.Kg2 Qd2 40.Qe3 Qxe3 41.fxe3 Nc1
{#R} 0-1

[Event "A01"]
[Site "Cleanchess.com Lutsk UKR"]
[Date "2018.02.16"]
[Round "7.4"]
[White "Reshetkov,K"]
[Black "Simantsev,M"]
[Result "0-1"]
[WhiteElo "2256"]
[BlackElo "2486"]

1.b3 c5 2.Bb2 e6 3.Nf3 Nf6 4.e3 b6 5.d4 Bb7 6.Bd3 cxd4 7.exd4 Nc6 8.O-O Be7
9.Re1 O-O 10.a3 d5 11.Nbd2 Rc8 12.Qe2 Qc7 13.Rac1 Bd6 14.Ne5 Ne7 15.Qf3 Ng6
16.g3 Qe7 17.h4 Bxa3 18.Bxa3 Qxa3 19.h5 Nxe5 20.dxe5 Ne4 21.Nxe4 dxe4 22.Bxe4
Bxe4 23.Qxe4 h6 24.Rcd1 Rfd8 25.Qb7 Qc5 26.Rd6 Qxc2 27.Qxa7 Qxb3 28.Qxb6 Qxb6
29.Rxb6 Rc7 30.Rb5 Rd2 31.Rb8+ Kh7 32.Re3 g6 33.hxg6+ Kxg6 34.Rg8+ Kh7 35.Rg4
Rd5 36.Kg2 Rcc5 37.Rf4 Kg7 38.Rg4+ Kh7 39.Rf4 Kg7 40.Rfe4 Rc2 41.Rg4+ Kf8
42.Rf4 Rcc5 43.Rfe4 Rc2 44.Re2 Rxe2 45.Rxe2 Kg7 46.g4 Kg6 47.Kg3 h5 48.gxh5+
Kxh5 49.Kf4 Rd4+ 50.Kf3 Kg5 51.Re1 Kf5 52.Re2 Rd5 53.Rc2 Rxe5 54.Rc4 f6 55.Rh4
Rd5 56.Rh8 Rd3+ 57.Ke2 Rb3 58.Rh5+ Ke4 59.Rh6 Ke5 60.Rh5+ f5 61.Rh8 Kf4
62.Rh4+ Kg5 63.Ra4 e5 64.Kf1 e4 65.Kg2 Rb2 66.Kg1 Kf4 67.Ra3 Rd2 68.Rb3 Rd3
69.Rb2 Kf3 70.Rb1 f4 71.Re1 Rd2 72.Rf1 Re2 73.Rd1 {#R} 0-1

[Event "A04"]
[Site "Cleanchess.com   INT"]
[Date "2018.02.14"]
[Round "6"]
[White "Van Wely,L"]
[Black "Borisek,J"]
[Result "1-0"]
[WhiteElo "2656"]
[BlackElo "2576"]

1.Nf3 c5 2.g3 g6 3.Bg2 Bg7 4.O-O Nc6 5.e4 e5 6.a3 Nge7 7.d3 O-O 8.c3 a5 9.a4
d6 10.Na3 Bh6 11.Bxh6 {#r} 1-0

[Event "A04"]
[Site "Cleanchess.com   INT"]
[Date "2018.02.14"]
[Round "6"]
[White "Amin,B"]
[Black "Shetty,A"]
[Result "0-1"]
[WhiteElo "2693"]
[BlackElo "2389"]

1.e4 e6 2.d3 c5 3.g3 Nc6 4.Bg2 g6 5.Nf3 Bg7 6.O-O Nge7 7.c3 O-O 8.Re1 e5 9.a3
d6 10.b4 a6 11.Nbd2 Be6 12.Rb1 h6 13.Nc4 b5 14.Ne3 Qd7 15.c4 Nd4 16.Nxd4 cxd4
17.Nd5 Nxd5 18.exd5 Bg4 19.Qb3 bxc4 20.dxc4 Bf5 21.Rb2 d3 22.f3 h5 23.Be3 Rfe8
24.Rd2 e4 25.fxe4 Bxe4 26.Bxe4 Rxe4 27.Qxd3 Rae8 28.Rde2 Qg4 29.Kf1 Qf3+
30.Kg1 Bd4 {#R} 0-1

[Event "A04"]
[Site "Cleanchess.com   INT"]
[Date "2018.02.14"]
[Round "6"]
[White "Jones,G"]
[Black "Adair,J"]
[Result "1-0"]
[WhiteElo "2640"]
[BlackElo "2480"]

1.Nf3 c5 2.a3 e6 3.c4 Nf6 4.g3 b6 5.Bg2 Bb7 6.O-O Be7 7.b4 O-O 8.Qb3 d5 9.bxc5
Bxc5 10.d4 Be7 11.cxd5 Bxd5 12.Qb2 Nbd7 13.Nc3 Bb7 14.Bf4 Nd5 15.Nxd5 Bxd5
16.Rfc1 Rc8 17.Rxc8 Qxc8 18.Rc1 Qa6 19.Rc7 Rd8 20.Qc2 Qxa3 21.Ng5 Qa1+ 22.Bf1
f5 23.e4 fxe4 24.Nxe4 Qxd4 25.Ng5 g6 26.Rxa7 Bxg5 27.Bxg5 Ne5 28.Be2 Rf8
29.Be3 Qe4 30.Qxe4 Bxe4 31.f4 Bd3 32.Bxd3 Nxd3 33.Bxb6 Rd8 34.Bxd8 {#r} 1-0

[Event "A04"]
[Site "Cleanchess.com Newcastle ENG"]
[Date "2018.02.18"]
[Round "9.6"]
[White "Percivaldi,Martin"]
[Black "Tan,Ju2"]
[Result "1-0"]
[WhiteElo "2395"]
[BlackElo "2479"]

1.Nf3 e6 2.g3 b5 3.Bg2 Bb7 4.O-O Nf6 5.d3 d6 6.Na3 a6 7.c4 bxc4 8.Nxc4 c5
9.Bd2 Nbd7 10.Na5 Rb8 11.Nxb7 Rxb7 12.Rb1 d5 13.Qa4 Qb6 14.e4 dxe4 15.dxe4 Qb5
16.Qc2 Rc7 17.e5 Nd5 18.Qe4 g6 19.Rfe1 Bg7 20.h4 c4 21.Bf1 Qc6 22.Rbc1 N7b6
23.h5 O-O 24.Qh4 Ne7 25.hxg6 fxg6 26.Ng5 h6 27.Ne4 Nf5 28.Qg4 Bxe5 29.Bg2 Qe8
30.Bb4 Bxb2 31.Rc2 Bg7 32.Bxf8 Kxf8 33.Nd6 Nxd6 34.Qf4+ Ke7 35.Rce2 Qf7
36.Rxe6+ Qxe6 37.Rxe6+ Kxe6 38.Qe3+ Kd7 39.Qxb6 Bf8 40.Bh3+ Kd8 41.Be6 c3
42.Bb3 g5 43.Bc2 {#r} 1-0

[Event "A04"]
[Site "Cleanchess.com Lutsk UKR"]
[Date "2018.02.16"]
[Round "15.5"]
[White "Roshka,Yevgeniy"]
[Black "Buksa,N"]
[Result "0-1"]
[WhiteElo "2358"]
[BlackElo "2357"]

1.e4 c5 2.Nf3 Nc6 3.g3 d6 4.Bg2 Nf6 5.d3 g6 6.O-O Bg7 7.Nbd2 O-O 8.a4 Rb8
9.Nc4 b6 10.e5 dxe5 11.Nfxe5 Nxe5 12.Nxe5 Bb7 13.Nc6 Bxc6 14.Bxc6 Nd5 15.Re1
e6 16.c3 a6 17.Qf3 Qd6 18.Bxd5 Qxd5 19.Qxd5 exd5 20.Bf4 Rb7 21.Re2 h5 22.a5
Rc8 23.axb6 Rxb6 24.Ra5 Bf6 25.Kg2 Kg7 26.Be3 d4 27.cxd4 cxd4 28.Bf4 Rcc6
29.h4 Rb3 30.Rd2 Rcb6 31.Kf3 R3b5 32.Ra2 Rc6 33.Re2 Rb3 34.Rd2 Kf8 35.Ke4 Ke7
36.Ra5 Re6+ 37.Kf3 Kd7 38.Bg5 Bxg5 39.Rxg5 f5 40.Kf4 Ke7 41.f3 Kf7 42.g4 fxg4
43.fxg4 hxg4 44.Rxg4 Re3 45.Rg3 Rxg3 46.Kxg3 Ke6 47.Kf4 Rb5 48.Ke4 Rh5 49.Rh2
g5 50.Kxd4 Rxh4+ 51.Rxh4 gxh4 52.Ke4 h3 53.Kf3 Kd5 54.Kg3 Kd4 55.Kxh3 Kxd3
56.Kg3 Kc2 57.b4 Kb3 58.Kf3 Kxb4 59.Ke3 Kc3 {#R} 0-1

[Event "A05"]
[Site "Cleanchess.com Lutsk UKR"]
[Date "2018.02.16"]
[Round "10.4"]
[White "Galperin,Platon"]
[Black "Budnikov,O"]
[Result "0-1"]
[WhiteElo "2332"]
[BlackElo "2422"]

1.Nf3 Nf6 2.g3 g6 3.Bg2 Bg7 4.b3 O-O 5.Bb2 c5 6.c4 d6 7.d4 Ne4 8.Qc2 Bf5 9.Nh4
Qa5+ 10.Nd2 Nxg3 11.e4 Nxh1 12.exf5 Nc6 13.Bxh1 cxd4 14.a3 d3 15.Qb1 Bc3 16.b4
Qe5+ 17.Kd1 Bxb2 18.Qxd3 Bxa1 19.fxg6 hxg6 20.Nxg6 fxg6 21.Qxg6+ Qg7 22.Bd5+
Kh8 23.Qe6 Rf6 24.Qe2 Ne5 25.Ne4 Rh6 26.Ng3 Rf8 27.Qe3 Ng4 {#R} 0-1

[Event "A05"]
[Site "Cleanchess.com Newcastle ENG"]
[Date "2018.02.17"]
[Round "6.4"]
[White "Townsend,M"]
[Black "Hebden,M"]
[Result "0-1"]
[WhiteElo "2214"]
[BlackElo "2454"]

1.Nf3 Nf6 2.g3 g6 3.Bg2 Bg7 4.O-O O-O 5.d3 d5 6.c3 Nc6 7.Nbd2 e5 8.e4 a5 9.a4
Re8 10.Re1 h6 11.exd5 Nxd5 12.Nc4 Rb8 13.Qb3 Be6 14.Qb5 f6 15.d4 exd4 16.Nh4
Ne5 17.Nxe5 fxe5 18.Nxg6 c6 19.Qd3 dxc3 20.bxc3 e4 21.Qc2 Qf6 22.Bxe4 Bf5
23.Nh4 Bxe4 24.Rxe4 Qxc3 25.Qxc3 Bxc3 26.Rg4+ Kh7 27.Rb1 b5 28.Kg2 bxa4
29.Rxb8 Rxb8 30.Rxa4 Rb1 31.Bf4 Bb4 32.Be5 c5 33.Kf3 Re1 34.Bf4 Nc3 {#R} 0-1

[Event "A05"]
[Site "Cleanchess.com Neustadt an der Weinstrasse GER"]
[Date "2018.02.13"]
[Round "8.2"]
[White "Kunin,V"]
[Black "Noe,C"]
[Result "0-1"]
[WhiteElo "2574"]
[BlackElo "2487"]

1.Nf3 Nf6 2.c4 c5 3.g3 Nc6 4.Bg2 g6 5.b3 Bg7 6.Bb2 O-O 7.O-O d6 8.Nc3 Bd7 9.e3
Qc8 10.d4 Bg4 11.Qd2 Rd8 12.d5 Nb8 13.e4 Na6 14.Rfe1 Bxf3 15.Bxf3 Nc7 16.Bg2
Rb8 17.f4 b5 18.e5 Nfe8 19.Ne4 bxc4 20.exd6 Bxb2 21.Qxb2 Nxd6 22.Nf2 Nf5
23.Qe5 cxb3 24.axb3 Rxb3 25.Rxa7 Nb5 26.Ra5 Nbd4 27.Qe4 Nd6 28.Qe5 Nc4 29.Qxe7
Nxa5 30.Ng4 Nf5 31.Nf6+ Kh8 32.Qe5 Nc4 33.Qa1 Nd4 34.g4 Rb6 35.g5 Rxf6 36.gxf6
Nc2 37.Qc3 Nxe1 38.Qxe1 {#R} 0-1

[Event "A05"]
[Site "Cleanchess.com   INT"]
[Date "2018.02.14"]
[Round "6"]
[White "Ladva,O"]
[Black "Urkedal,F"]
[Result "1-0"]
[WhiteElo "2522"]
[BlackElo "2572"]

1.Nf3 Nf6 2.g3 e6 3.Bg2 d5 4.O-O Be7 5.d4 O-O 6.c4 c6 7.Nc3 b6 8.Ne5 Nfd7
9.Nxd7 Nxd7 10.cxd5 cxd5 11.e4 dxe4 12.Bxe4 Ba6 13.Re1 Rc8 14.Qa4 Nb8 15.Be3
Rc4 16.Qc2 h6 17.Rad1 Bf6 18.d5 Qc8 19.dxe6 fxe6 20.Bg2 Bxc3 21.bxc3 Rxc3
22.Qg6 Rf6 23.Qh5 Nc6 24.Rd6 Nb4 25.Bd2 Rc5 26.Qg4 Nd3 27.Rexe6 Rc1+ 28.Bxc1
Qxc1+ 29.Bf1 Qxf1+ 30.Kxf1 Nxf2+ 31.Qe2 Bxe2+ 32.Kxe2 Ng4 33.Rxf6 Nxf6 34.Rd8+
Kh7 35.Ra8 Ng4 36.Rxa7 Nxh2 37.Rb7 Ng4 38.Rxb6 h5 39.a4 Ne5 40.a5 Nc4 41.Rb5
{#r} 1-0

[Event "A05"]
[Site "Cleanchess.com   INT"]
[Date "2018.02.14"]
[Round "6"]
[White "Moussard,J"]
[Black "Agrest,I"]
[Result "1-0"]
[WhiteElo "2571"]
[BlackElo "2280"]

1.Nf3 Nf6 2.b3 g6 3.Bb2 Bg7 4.g3 O-O 5.Bg2 d6 6.d4 Nbd7 7.O-O c5 8.d5 b5
9.Nfd2 Bb7 10.c4 Nb6 11.e4 Qd7 12.Nc3 a6 13.Re1 Rab8 14.Bf1 e6 15.cxb5 exd5
16.bxa6 Bc6 17.exd5 Nfxd5 18.Nxd5 Nxd5 19.Bxg7 Kxg7 20.Nc4 Rbd8 21.Qd2 Qf5
22.Bg2 Nb4 23.Nxd6 Qf6 24.Rad1 Bd5 25.a3 Bxg2 26.Kxg2 Nxa6 27.Qd5 Nc7 28.Qxc5
Ne6 29.Qe5 Qxe5 30.Rxe5 Ra8 31.a4 Rfd8 32.Red5 Ra6 33.Nf5+ gxf5 34.Rxd8 Nxd8
35.Rxd8 Rb6 36.Rd3 Kf6 37.f4 Ke6 38.Kf2 h5 39.h4 Rb4 40.Ke2 f6 41.Kd2 Re4
42.Re3 {#r} 1-0

[Event "A05"]
[Site "Cleanchess.com Lutsk UKR"]
[Date "2018.02.16"]
[Round "15.1"]
[White "Bogdanovich,S"]
[Black "Sergeev,Vl"]
[Result "1-0"]
[WhiteElo "2560"]
[BlackElo "2414"]

1.Nf3 Nf6 2.b3 d5 3.Bb2 c6 4.e3 Bg4 5.Be2 e6 6.O-O Nbd7 7.c4 Bd6 8.h3 Bh5 9.d3
O-O 10.Nc3 a6 11.Rc1 b5 12.Nd4 Bxe2 13.Ncxe2 c5 14.Nf3 Qb6 15.d4 bxc4 16.dxc5
Bxc5 17.Bxf6 Nxf6 18.bxc4 Rac8 19.cxd5 Nxd5 20.Kh1 Bxe3 21.Rxc8 Rxc8 22.fxe3
Nxe3 23.Qb1 Qb5 24.Qxb5 axb5 25.Rb1 Rc2 26.Rc1 Kf8 27.Rxc2 Nxc2 28.Nfd4 Na3
29.Nc3 b4 30.Ncb5 Nb1 31.Nc2 Nc3 32.Nxc3 bxc3 33.Kg1 e5 34.Kf2 f5 35.Ke3 Ke7
36.Kd3 Kd6 37.Kxc3 Kc5 38.a4 f4 39.Kd3 Kd5 40.Nb4+ Kc5 41.a5 g5 42.a6 Kb6
43.Ke4 {#r} 1-0

[Event "A05"]
[Site "Cleanchess.com   INT"]
[Date "2018.02.14"]
[Round "6"]
[White "Amin,B"]
[Black "Liang,Awonder"]
[Result "1-0"]
[WhiteElo "2693"]
[BlackElo "2572"]

1.Nf3 Nf6 2.g3 b6 3.Bg2 Bb7 4.O-O g6 5.c4 Bg7 6.d3 O-O 7.e4 c5 8.Nc3 d6 9.h3
Nc6 10.Be3 Nd7 11.Qd2 Re8 12.d4 cxd4 13.Nxd4 Rc8 14.b3 Nc5 15.Rad1 Qd7 16.Kh2
Nb4 17.Nd5 Nc6 18.Nb5 Qd8 19.f4 a6 20.Nd4 e6 21.Nc3 Qf6 22.Nde2 Rcd8 23.f5 Qe7
24.fxe6 Qxe6 25.Nf4 Bxc3 26.Qxc3 Qe5 27.Nd5 Qxc3 28.Nxc3 Nb4 29.Rd2 b5 30.a3
Nc6 31.cxb5 axb5 32.b4 Nb3 33.Rdf2 Ne5 34.Rb1 Nc4 35.Bg5 Nd4 36.Bxd8 Rxd8
37.Rd1 Ne6 38.Nxb5 Bc6 39.Nd4 Nxd4 40.Rxd4 Nxa3 41.e5 Nb5 42.Rd3 Bxg2 43.Kxg2
d5 44.Rc2 d4 45.Rc5 Rb8 46.Kf3 Kf8 47.Ke4 Ke7 48.Kd5 Rb7 49.Kc6 {#r} 1-0

[Event "A05"]
[Site "Cleanchess.com   INT"]
[Date "2018.02.14"]
[Round "6"]
[White "Saric,Iv"]
[Black "Zherebukh,Y"]
[Result "0-1"]
[WhiteElo "2664"]
[BlackElo "2636"]

1.e4 c5 2.Nf3 d6 3.g3 Nf6 4.d3 g6 5.Bg2 Bg7 6.O-O O-O 7.Re1 Nc6 8.c3 e5 9.a3
h6 10.b4 b6 11.b5 Ne7 12.a4 a6 13.Na3 Be6 14.Bb2 Nd7 15.bxa6 Rxa6 16.Nb5 d5
17.exd5 Nxd5 18.d4 exd4 19.cxd4 Nc7 20.Nxc7 Qxc7 21.d5 Bg4 22.Bxg7 Kxg7 23.d6
Qd8 24.Re7 Nf6 25.Qd3 b5 26.Rd1 Bf5 27.Qxb5 Rxd6 28.Rde1 Be6 29.Ra7 c4 30.Qe5
Re8 31.Ra8 Qxa8 32.Qxd6 Qxa4 33.Qd4 Qd7 34.Qa1 Bd5 35.Rd1 Qb7 36.Rb1 Qa8
37.Qc3 Rb8 38.Rxb8 Qxb8 39.Nd2 Be6 40.h3 Qd8 41.Ne4 Qe7 42.h4 h5 43.Bf1 Qd8
44.Be2 Qe7 45.Bf1 Bd5 46.Ng5 Qc5 47.Be2 Qc6 48.Bf1 Qc7 49.Be2 Qe7 50.Bf1 Qc5
51.Qe5 c3 52.Ne4 Qc6 53.Nxf6 Qxf6 54.Qxd5 c2 55.Qc4 Qb2 56.Qd3 c1=Q 57.Kg2
Qc6+ 58.Kg1 Qbc3 59.Qe2 Q3f6 60.Bg2 Qce6 61.Qf1 Qee5 62.Qd1 Qa1 {#R} 0-1

[Event "A05"]
[Site "Cleanchess.com   INT"]
[Date "2018.02.14"]
[Round "6"]
[White "Gupta,Ab"]
[Black "Kovalenko,I"]
[Result "0-1"]
[WhiteElo "2610"]
[BlackElo "2635"]

1.Nf3 Nf6 2.g3 c5 3.Bg2 Nc6 4.d4 cxd4 5.Nxd4 h5 6.h3 e5 7.Nxc6 dxc6 8.Qxd8+
Kxd8 9.Bg5 Be7 10.Nd2 Be6 11.Nf3 Nd7 12.Bxe7+ Kxe7 13.Ng5 Bd5 14.e4 Bc4 15.b3
Ba6 16.O-O-O Rad8 17.Nf3 Be2 18.Rd2 Bxf3 19.Bxf3 h4 20.gxh4 Nc5 21.Rxd8 Rxd8
22.Rg1 Kf6 23.h5 Ne6 24.h4 a5 25.Rg3 c5 26.Be2 Nf4 27.Bd1 Ne6 28.Be2 b6 29.a4
Nf4 30.Bd1 Ne6 31.Rg1 Rd4 32.Re1 Nf4 33.Re3 c4 34.Bf3 cxb3 35.Rxb3 Rd6 36.Rc3
Ne6 37.Be2 Ke7 38.Rg3 Rd4 39.Bg4 Nc5 40.Bf5 Kf8 41.Rf3 Nxe4 42.Rb3 Nd6 43.Bd3
Rxa4 44.Rxb6 Ke7 45.Ra6 Rxh4 46.Rxa5 Rxh5 47.c4 Rh1+ 48.Kd2 e4 49.Be2 Rb1
50.Kc3 Rc1+ 51.Kd4 Rc2 52.Ra7+ Ke6 53.Bf1 Rxf2 54.Bh3+ Kf6 55.Kc5 Rd2 56.Ra1
g5 57.Bf1 Ke5 58.Kc6 e3 59.c5 Ne4 60.Ra7 f5 61.Re7+ Kf4 62.Bc4 e2 63.Bxe2 Rxe2
64.Kc7 Rc2 65.c6 g4 {#R} 0-1

[Event "A06"]
[Site "Cleanchess.com Newcastle ENG"]
[Date "2018.02.15"]
[Round "3.9"]
[White "Pritchett,C"]
[Black "Raetsky,A"]
[Result "0-1"]
[WhiteElo "2275"]
[BlackElo "2362"]

1.Nf3 d5 2.b3 Nc6 3.Bb2 f6 4.d4 Bg4 5.Nbd2 e6 6.h3 Bxf3 7.Nxf3 Bb4+ 8.c3 Bd6
9.e3 a6 10.Be2 f5 11.Qc2 Nf6 12.a3 O-O 13.c4 Ne4 14.Bd3 Qe8 15.O-O-O b5 16.c5
Be7 17.g4 Bf6 18.Rdg1 g6 19.g5 Bg7 20.h4 e5 21.dxe5 Nxe5 22.Nxe5 Bxe5 23.Bd4
a5 24.h5 Bxd4 25.exd4 b4 26.hxg6 hxg6 27.f3 Qc8 28.fxe4 fxe4 29.Bb5 Rf3 {#R}
0-1

[Event "A07"]
[Site "Cleanchess.com Bhubaneswar IND"]
[Date "2018.02.13"]
[Round "6.2"]
[White "Vijayalakshmi,S"]
[Black "Srija,S"]
[Result "1-0"]
[WhiteElo "2352"]
[BlackElo "2252"]

1.Nf3 d5 2.g3 Nf6 3.Bg2 c5 4.d4 cxd4 5.O-O Nc6 6.Nxd4 e5 7.Nxc6 bxc6 8.c4 Be6
9.Nc3 Rc8 10.cxd5 cxd5 11.Bg5 d4 12.Ne4 Be7 13.Nxf6+ Bxf6 14.Bxf6 gxf6 15.Qd2
h5 16.Rfc1 Kf8 17.Rxc8 Bxc8 18.Rc1 Kg7 19.b4 Bf5 20.a4 Qd7 21.Bc6 Qd6 22.b5
Rc8 23.Rc4 h4 24.Qb4 Qd8 25.gxh4 Be6 {#r} 1-0

[Event "A07"]
[Site "Cleanchess.com Graz AUT"]
[Date "2018.02.17"]
[Round "1.67"]
[White "Gazik,Viktor"]
[Black "Poetsch,H"]
[Result "0-1"]
[WhiteElo "2473"]
[BlackElo "2484"]

1.Nf3 d5 2.g3 g6 3.Bg2 Bg7 4.O-O e5 5.d3 Ne7 6.Nbd2 O-O 7.e4 Nbc6 8.Re1 h6
9.c3 Be6 10.Qc2 d4 11.b4 a5 12.b5 dxc3 13.Qxc3 Nb4 14.Ba3 c5 15.Bf1 Qb6 16.Qb2
Rfd8 17.Re3 Qxb5 18.d4 Qa4 19.d5 Nexd5 20.exd5 e4 21.Qc1 Bxd5 22.Nxe4 Bxe4
23.Rxe4 Bxa1 24.Qxh6 Bg7 25.Qh3 Qxa3 26.Ng5 Nd5 27.Nxf7 Kxf7 28.Qe6+ Kf8
29.Bc4 Qc1+ 30.Kg2 Qg5 {#R} 0-1

[Event "A07"]
[Site "Cleanchess.com Lutsk UKR"]
[Date "2018.02.16"]
[Round "11.1"]
[White "Bogdanovich,S"]
[Black "Mirzoev,E"]
[Result "1-0"]
[WhiteElo "2560"]
[BlackElo "2405"]

1.Nf3 d5 2.g3 e6 3.Bg2 Nf6 4.b3 c5 5.Bb2 Nc6 6.O-O Be7 7.d4 O-O 8.dxc5 Bxc5
9.Nbd2 a6 10.c4 Ba7 11.Rc1 Re8 12.Nb1 d4 13.Na3 e5 14.Nc2 a5 15.a3 Qe7 16.b4
axb4 17.axb4 Nxb4 18.Ba3 Bc5 19.Bxb4 Bxb4 20.Nxe5 Bc3 21.Nf3 Bg4 22.Ncxd4 Bxd4
23.Nxd4 Rad8 24.Qd2 Bxe2 25.Rfe1 Qc7 26.Qb2 Bxc4 27.Rxe8+ Rxe8 28.Bf1 b5
29.Nxb5 Qc5 30.Bxc4 Rd8 31.Bf1 Ne8 32.Rxc5 {#r} 1-0

[Event "A07"]
[Site "Cleanchess.com Lutsk UKR"]
[Date "2018.02.16"]
[Round "14.7"]
[White "Grekh,A"]
[Black "Sergeev,Vl"]
[Result "0-1"]
[WhiteElo "2400"]
[BlackElo "2414"]

1.Nf3 Nf6 2.g3 d5 3.Bg2 c6 4.O-O Bg4 5.d4 e6 6.Nbd2 Nbd7 7.Re1 Be7 8.h3 Bh5
9.e4 O-O 10.e5 Ne8 11.c3 Nc7 12.Nf1 Bxf3 13.Qxf3 c5 14.Be3 cxd4 15.cxd4 Nb8
16.Rac1 Nc6 17.Nh2 Nb5 18.Red1 Rc8 19.Bf1 Nbxd4 20.Qf4 Nf5 21.Bd2 h6 22.Bd3
Bg5 23.Qg4 Bxd2 24.Rxd2 Nxe5 25.Rxc8 Qxc8 26.Qd1 Nxd3 27.Rxd3 Qc4 28.Ng4 d4
29.Ne5 Qd5 30.Qe2 Rc8 31.Rd1 d3 32.Nxd3 Nd4 33.Qe3 Nf3+ 34.Kf1 b6 35.b3 Rc2
36.Nb2 Nd2+ 37.Ke1 Qh1+ 38.Ke2 Nc4+ 39.Kd3 Qxd1+ {#R} 0-1

[Event "A07"]
[Site "Cleanchess.com   INT"]
[Date "2018.02.14"]
[Round "6"]
[White "Moussard,J"]
[Black "Meier,Geo"]
[Result "0-1"]
[WhiteElo "2571"]
[BlackElo "2647"]

1.Nf3 d5 2.g3 Bg4 3.Bg2 e6 4.O-O Nf6 5.d3 Be7 6.h3 Bh5 7.Nbd2 c5 8.e4 Nc6 9.b3
O-O 10.Bb2 Qc7 11.Re1 Rfd8 12.Qc1 Rac8 13.Nf1 dxe4 14.dxe4 Nd7 15.Ne3 a6
16.Ng4 f6 17.a3 b5 18.Qe3 e5 19.Nh4 Nd4 20.Nf5 Bf8 21.Rac1 Bf7 22.Bf1 h5
23.Nh2 Kh7 24.c4 g6 25.Nxd4 cxd4 26.Qf3 Qb6 27.cxb5 axb5 28.g4 Rxc1 29.Bxc1
Nc5 30.b4 Nb3 31.gxh5 gxh5 32.h4 Qc6 33.Bg5 Bg7 34.a4 bxa4 35.b5 Qc3 36.Qxc3
dxc3 37.Be3 Bh6 38.Ba7 c2 39.b6 Na5 40.Bb5 Rd1 {#R} 0-1

[Event "A07"]
[Site "Cleanchess.com Lutsk UKR"]
[Date "2018.02.16"]
[Round "13.5"]
[White "Ianov,V"]
[Black "Mirzoev,E"]
[Result "0-1"]
[WhiteElo "2292"]
[BlackElo "2405"]

1.Nf3 g6 2.g3 Bg7 3.Bg2 e5 4.d3 d5 5.O-O Ne7 6.e4 O-O 7.Nc3 c6 8.Re1 d4 9.Nb1
c5 10.a4 Nbc6 11.Nbd2 h6 12.Nc4 Be6 13.b3 b6 14.Bd2 a6 15.Qc1 Kh7 16.h4 b5
17.Na3 Rb8 18.h5 g5 19.Nh2 Nb4 20.Qd1 Qd7 21.Bf3 bxa4 22.bxa4 Qxa4 23.Bg4 Qd7
24.Nc4 Nec6 25.f4 Bxg4 26.Nxg4 Nxc2 27.Ngxe5 Bxe5 28.Qxc2 gxf4 29.Nxe5 Nxe5
30.Rf1 fxg3 31.Rf5 f6 32.Rxa6 Qb5 33.Raxf6 Rxf6 34.Rxf6 Qxd3 35.Rxh6+ Kg7
36.Rg6+ Kh7 37.Qxd3 Nxd3 38.Rxg3 c4 39.Ba5 Rb5 40.Bc7 c3 41.Rxd3 {#R} 0-1

[Event "A07"]
[Site "Cleanchess.com   INT"]
[Date "2018.02.14"]
[Round "6"]
[White "Gupta,Ab"]
[Black "Klimakovs,S"]
[Result "1-0"]
[WhiteElo "2610"]
[BlackElo "2309"]

1.Nf3 d5 2.g3 g6 3.c4 dxc4 4.Bg2 Bg7 5.Qa4+ Nc6 6.Qxc4 e5 7.d3 Be6 8.Qb5 Qd7
9.Ng5 O-O-O 10.Bxc6 bxc6 11.Qa6+ Kb8 12.Be3 c5 13.Nxe6 Qxe6 14.Qxe6 fxe6
15.Nc3 Rd4 16.Bxd4 cxd4 17.Ne4 Ne7 18.Rc1 Nd5 19.O-O Bh6 20.Rc6 Re8 21.Nc5 Nb4
22.Rxe6 Rxe6 23.Nxe6 Nxa2 24.g4 Bd2 25.Rd1 Bc1 26.Nc5 a5 27.Kg2 Kc8 28.Nb3
Bxb2 29.Nxa5 Nc3 30.Re1 Ba3 31.Nc4 Bd6 32.Kf3 Kd7 33.Ra1 Ke6 34.Ra8 e4+
35.dxe4 Bxh2 36.Rh8 g5 37.Rxh7 Bf4 38.Rh6+ Kd7 39.e5 Ke7 40.Rh7+ Kd8 41.e6 Nd5
42.Na5 {#r} 1-0